000 00371nam a2200169Ia 4500
003 0100
008 130303s9999 xx 000 0 und d
040 _cARRUPELIB
050 _aHQ767.5.U5P76 1984
100 _aFeinberg, Joel
245 4 _aThe problem of abortion
260 _aBelmont
260 _bWadsworth Co.
260 _C1994
300 _a201p
942 0 0 _04
999 _c18797
_d18797